000 00303nam a22001337a 4500
008 170906b xxu||||| |||| 00| 0 eng d
020 _a9781581801248
041 _aeng
080 _a72
100 _a41
101 _aARK
245 _aTHE 7 ESSENTIALS OF GRAPHIC DESIGN
_cGOODMAN, A
942 _2udc
_cBK
999 _c26240
_d26240